000
00256nam a22001217a 4500
008
181025b xxu||||| |||| 00| 0 eng d
041
_a
eng
080
_a
330
100
_a
58
101
_a
Bus
245
_a
Bussiness Ethics
_c
Ferrell.f
942
_2
udc
_c
BK
999
_c
50936
_d
50936